| 000 | 00627nam a2200241Ia 4500 | ||
|---|---|---|---|
| 001 | dia_2917 | ||
| 003 | CHAP | ||
| 005 | 20251021150232.0 | ||
| 008 | 220601s9999 xx 000 0 und d | ||
| 040 | _cCHAP | ||
| 082 | _a658.8 A3 2001 | ||
| 100 |
_aAaker, David A. _9123 |
||
| 245 | _aInvestigación De Mercados / Por David A. Aaker | ||
| 250 | _a4 | ||
| 260 | _aMéxico, Limusa | ||
| 300 | _a776 P. | ||
| 600 |
_a1. Mercadeo-Investigación I.T. _9175804 |
||
| 856 | _aÌ | ||
| 901 | _a658.8 A3 2001 | ||
| 902 | _aM | ||
| 905 | _a0000002001 MEX 0000000000ESP00 | ||
| 942 |
_cLIBRO _2ddc |
||
| 999 |
_c209315 _d209315 |
||